书目信息 |
| 题名: |
地理环境概述
|
|
| 作者: | 胡兆量 , 陈宗兴 , 张乐育 编 | |
| 分册: | ||
| 出版信息: | 北京 科学出版社 1994.10 |
|
| 页数: | 229页 | |
| 开本: | 20cm | |
| 丛书名: | ||
| 单 册: | ||
| 中图分类: | X144 | |
| 科图分类: | ||
| 主题词: | 环境地学 | |
| 电子资源: | ||
| ISBN: | 7-03-004229-8 | |
| 000 | 00629nam0 2200217 45 | |
| 001 | 0104051620 | |
| 005 | 20031219104049.4 | |
| 010 | @a7-03-004229-8@dCNY15.00 | |
| 100 | @a20010405d1994 km y0chiy0120 ea | |
| 101 | 0 | @achi |
| 105 | @a z 000yy | |
| 200 | 1 | @a地理环境概述@ADi Li Huan Jing Gai Shu@f胡兆量,陈宗兴,张乐育编@FHu ZhaoLiang,Chen Zong Xing,Zhang Yue Yu Bian |
| 210 | @a北京@c科学出版社@d1994.10 | |
| 215 | @a229页@d20cm | |
| 606 | 0 | @a环境地学 |
| 690 | @aX144@v1 | |
| 701 | 0 | @a胡兆量@4编 |
| 701 | 0 | @a陈宗兴@4编 |
| 701 | 0 | @a张乐育@4编 |
| 801 | @aCN@bTSTC@c20010514 | |
| 905 | @a213230@f5@b296455-459@dX144@e29 | |
| 地理环境概述/胡兆量,陈宗兴,张乐育编.-北京:科学出版社,1994.10 |
| 229页;20cm |
| ISBN 7-03-004229-8:CNY15.00 |
| ● |
| 相关链接 |
|
|
|
|
正题名:地理环境概述
索取号:X144/29
 
预约/预借
| 序号 | 登录号 | 条形码 | 馆藏地/架位号 | 状态 | 备注 |
| 1 | 0296455 | 002964554 | 第三借阅区/ [索取号:X144/29] | 在馆 | |
| 2 | 0296456 | 002964563 | 第三借阅区/ [索取号:X144/29] | 在馆 | |
| 3 | 0296457 | 002964572 | 第三借阅区/ [索取号:X144/29] | 在馆 | |
| 4 | 0296458 | 002964581 | 第三借阅区/ [索取号:X144/29] | 在馆 | |
| 5 | 0296459 | 002964590 | 第二样本阅览室/ [索取号:X144/29] | 在馆 |